000 00963nam a2200349 4500
001 103127
003 DO-SdBPM
005 20241204090953.0
007 103127
008 110905s2001 sp | |||| 001 p spa
015 _a
017 _a
_b
020 _a843761693X
035 _a
040 _aDO-SdBPM
_bspa
_cBPMSU
_e
080 _a
082 4 _a861.6
_bG724p 2001
_222
100 1 _aGoytisolo, José Agustín
_d1928-1999
245 1 0 _aPoesía /
_cJosé Agustín Goytisolo ; edición Carme Riera
_h
250 _a4a. ed,
260 _aBarcelona :
_bCátedra,
_c2001
300 _a335 p. ;
_b21 cm
490 0 _aLetras Hispánicas,
_v454
500 _aIncluye referencias bibliográficas y notas al pie de las páginas
504 _a
650 4 _a Poesía española
650 4 _aLiteratura española
700 1 _aRiera, Carme
_d1949-
_eeditora
700 1 _a
_d
910 _aVMateo V. Control de calidad. BPMSU
942 _2ddc
_cBK
999 _c9178
_d9178